000 00759cam a2200193 4500
001 WS108242
008 000000n 000 0 eng u
035 _a(Sirsi) u108242
110 _aNational Farmers' Union
_9456
245 _aCountryside Online
520 _aWeb site set up by the National Farmers Union 'for people who live in, work in and enjoy the countryside'. Includes rural news, a wildlife notebook, a farming calendar and classified advertisements. Also includes a discussion forum.
650 _aRURAL ECONOMY
650 _aWILDLIFE
650 _aDISCUSSION LISTS
650 _aNFU
690 _aRural
_96268
856 4 0 _uhttps://www.nfucountryside.org.uk/
_zView the website free of charge at www.nfucountryside.org.uk/...
942 _n0
999 _c119645
_d119645